|
|
|
|
| LEADER |
00000nta a2200000 i 4500 |
| 001 |
dolg42572 |
| 005 |
20230324064335.0 |
| 008 |
230106s2014 hu om 000 eng d |
| 040 |
|
|
|a BGE Dolgozattár Repozitórium
|b hun
|
| 041 |
|
|
|a en
|
| 100 |
1 |
|
|a Barna Nikolett
|
| 245 |
1 |
0 |
|a Sustainable development from theory to the practical example of the banking sector and K&H Bank
|c Barna Nikolett
|h [elektronikus dokumentum]
|
| 260 |
|
|
|c 2014
|
| 695 |
|
|
|a Bankrendszer
|
| 695 |
|
|
|a Fenntartható fejlődés
|
| 700 |
1 |
|
|a Nincs adat Nincs adat
|e ths
|
| 856 |
4 |
0 |
|u http://dolgozattar.uni-bge.hu/42572/1/D_16867_O39POO%20-%20Barna%20Nikolett.pdf
|z Dokumentum-elérés
|